| 000 | 01615nam a2200481 i 4500 | ||
|---|---|---|---|
| 001 | 32330 | ||
| 003 | KOSZ 005 | ||
| 005 | 20191211132839.0 | ||
| 008 | 980702s1996 pl a f f |000 0 pol | ||
| 015 | _aPB 1996/11764 | ||
| 020 | _a8385530681 | ||
| 035 | _a991004267609705066 | ||
| 035 | _a(PL-WaBN)b11130246-48omnis_nlop | ||
| 035 | _ab11130246 | ||
| 035 | _a(OCoLC)835279817 | ||
| 035 | _a(PL)b0000001113024 | ||
| 035 | _a(EXLNZ-48OMNIS_NETWORK)9910488508005606 | ||
| 040 |
_aWA N _cWA N _dKOSZ 005/HR |
||
| 046 | _k1996 | ||
| 080 | _a657.05 | ||
| 080 | _a658.14/.17 | ||
| 080 | _a(075.8) | ||
| 100 | 1 |
_aGabrusewicz, Wiktor _d(1943- ) _eAutor |
|
| 245 | 1 | 0 |
_aRachunkowość zarządcza / _cWiktor Gabrusewicz, Aldona Kamela-Sowińska, Helena Poetschke ; Akademia Ekonomiczna w Poznaniu. |
| 260 |
_aPoznań : _bWydaw. AE, _c1996. |
||
| 300 |
_a286 s. : _brys., wykr. ; _c24 cm. |
||
| 336 |
_2rdacontent _aTekst _btxt |
||
| 337 |
_2rdamedia _aBez urządzenia pośredniczącego _bn |
||
| 338 |
_2rdacarrier _aWolumin _bnc |
||
| 380 | _aKsiążki | ||
| 380 | _aPublikacje dydaktyczne | ||
| 388 | _a1901-2000 | ||
| 388 | _a1989-2000 | ||
| 504 | _aBibliogr. przy rozdz. | ||
| 655 | 7 |
_aPodręczniki akademickie _2DBN |
|
| 658 | _aGospodarka, ekonomia, finanse | ||
| 650 | 7 |
_aRachunkowość zarządcza _2DBN |
|
| 700 | 1 |
_aKamela-Sowińska, Aldona _d(1950- ) _eAutor |
|
| 700 | 1 |
_aPoetschke, Helena. _eAutor |
|
| 856 |
_uhttp://koha.tu.koszalin.pl/cgi-bin/koha/opac-detail.pl?biblionumber=32330 _yKatalog online BPK |
||
| 942 |
_2UKD _cKS |
||
| 999 |
_c32330 _d32330 |
||